<?xml version="1.0" encoding="UTF-8"?>
<record
    xmlns:xsi="http://www.w3.org/2001/XMLSchema-instance"
    xsi:schemaLocation="http://www.loc.gov/MARC21/slim http://www.loc.gov/standards/marcxml/schema/MARC21slim.xsd"
    xmlns="http://www.loc.gov/MARC21/slim">

  <leader>00430nam a2200157Ia 4500</leader>
  <controlfield tag="008">230718s9999    xx            000 0 und d</controlfield>
  <datafield tag="020" ind1=" " ind2=" ">
    <subfield code="a">978912403766</subfield>
  </datafield>
  <datafield tag="041" ind1=" " ind2=" ">
    <subfield code="a">eng</subfield>
  </datafield>
  <datafield tag="082" ind1=" " ind2=" ">
    <subfield code="a">006.32</subfield>
    <subfield code="b">HAG</subfield>
  </datafield>
  <datafield tag="100" ind1=" " ind2=" ">
    <subfield code="a">Hagan M.T.</subfield>
    <subfield code="9">187533</subfield>
  </datafield>
  <datafield tag="245" ind1=" " ind2=" ">
    <subfield code="a">Neural Network Design</subfield>
  </datafield>
  <datafield tag="260" ind1=" " ind2=" ">
    <subfield code="c">2002</subfield>
    <subfield code="b">Thomson Publication</subfield>
  </datafield>
  <datafield tag="365" ind1=" " ind2=" ">
    <subfield code="c">Rs.</subfield>
    <subfield code="b">450.00</subfield>
  </datafield>
  <datafield tag="700" ind1=" " ind2=" ">
    <subfield code="a">Hagan M.T.,Demuth H.B.&amp; Beale M.</subfield>
    <subfield code="9">187534</subfield>
  </datafield>
  <datafield tag="906" ind1=" " ind2=" ">
    <subfield code="d">B:50302-Sep-2003</subfield>
    <subfield code="c">COMP</subfield>
    <subfield code="b">90</subfield>
  </datafield>
  <datafield tag="999" ind1=" " ind2=" ">
    <subfield code="c">305786</subfield>
    <subfield code="d">305786</subfield>
  </datafield>
  <datafield tag="952" ind1=" " ind2=" ">
    <subfield code="0">0</subfield>
    <subfield code="1">0</subfield>
    <subfield code="4">0</subfield>
    <subfield code="7">0</subfield>
    <subfield code="a">CCEP</subfield>
    <subfield code="b">CCEP</subfield>
    <subfield code="d">2003-09-08</subfield>
    <subfield code="e">Ganeshbook</subfield>
    <subfield code="f">COMP</subfield>
    <subfield code="g">360.00</subfield>
    <subfield code="i">503</subfield>
    <subfield code="l">0</subfield>
    <subfield code="o">006.32</subfield>
    <subfield code="p">CCEP-BK-16993</subfield>
    <subfield code="r">2023-07-18 00:00:00</subfield>
    <subfield code="t">90</subfield>
    <subfield code="v">450.00</subfield>
    <subfield code="w">2003-09-02</subfield>
    <subfield code="y">BK</subfield>
    <subfield code="z">016993</subfield>
  </datafield>
</record>
